| 000 | 00941nam a2200253 i 4500 | ||
|---|---|---|---|
| 001 | 130746 | ||
| 003 | ES-MaACL | ||
| 005 | 20250825192325.0 | ||
| 007 | t| | ||
| 008 | 070807s1985 sp |||| | spa d | ||
| 020 | _a84-231-2751-6 | ||
| 080 | _a782.6 | ||
| 100 | 1 |
_aAviñoa, Xose. _9186839 |
|
| 245 | 1 | 3 |
_aEl barberillo de Lavapiés / _clibreto original de Luis Mariano de Larra ; y música de Francisco A. Barbieri ; estudios y comentarios Xose Aviñoa. |
| 260 |
_aMadrid : _bDaimon, Manuel Tamayo, _c[1985] |
||
| 300 |
_a141 p. ; _c19 cm. |
||
| 490 | 1 | _aIntroducción al mundo de la música | |
| 650 | 1 | 7 |
_aZarzuelas _2embne _917863 |
| 700 | 1 |
_aLarra y Wetoret, Luis Mariano de, _d1830-1901 _970289 |
|
| 700 | 1 |
_aBarbieri, Francisco A., _d1823-1894 _925463 |
|
| 830 | 0 | 0 |
_aIntroducción al mundo de la música _9186838 |
| 852 |
_aES-MaACL _jE-11925 _z. - Biblioteca Jacinto Martínez Lacalle |
||
| 999 |
_c130746 _d130746 |
||